000 00588nam a2200241Ia 4500
003 OSt
005 20220924144345.0
006 a|||||r|||| 00| 0
007 ta
008 220923b |||||||| |||| 00| 0 urd d
020 _c06.50
024 _a313881
037 _cTextual
040 _aARTS
_cARTS
_burd
041 _2urd
_aurd
082 _aO165,1M96x, K5.2
100 _aGorakhpuri Firaq
245 0 _aShabnamistan
260 _c1965
650 _aURDU POETRY
942 _hO165,1M96x, K5.2
_cTEXL
_2CC
999 _c456854
_d456854